[Event "Velden op"]
[Site "Velden"]
[Date "1995.??.??"]
[Round "7"]
[White "Zoler, Dan"]
[Black "Wahls, Matthias"]
[Result "1/2-1/2"]
[WhiteElo "2415"]
[BlackElo "2550"]

1.d4 Nf6 2.c4 e6 3.Nf3 Bb4+ 4.Nbd2 O-O 5.e3 d6 6.Bd3 e5 7.O-O Bxd2 8.Nxd2 exd4
9.exd4 d5 10.h3 dxc4 11.Nxc4 Nc6 12.Be3 Qd5 13.Rc1 Rd8 14.Qb3 b6 15.Be2 Be6
16.Bf3 Qd7 17.Qa3 Nd5 18.Ne5 Nxe5 19.dxe5 c6 20.Bg5 Re8 21.Qd6 Rac8 22.Bxd5  1/2-1/2

[Event "Vienna op"]
[Site "Vienna"]
[Date "1995.??.??"]
[Round "1"]
[White "Kummer, Helmut"]
[Black "Loginov, Vladimir"]
[Result "0-1"]
[WhiteElo "2320"]
[BlackElo "2525"]

1.d4 Nf6 2.c4 e6 3.Nf3 Bb4+ 4.Nbd2 b6 5.e3 Bb7 6.Bd3 c5 7.O-O cxd4 8.exd4 O-O
9.Nb3 Be7 10.Bf4 d6 11.Qe2 Nbd7 12.Rfd1 d5 13.Rac1 dxc4 14.Bxc4 Nd5 15.Bg3 N7f6
16.Ne5 Rc8 17.a3 Bd6 18.Ba6 Qe7 19.Nd2 h6 20.Bd3 Rfd8 21.Ndc4 Bb8 22.Ne3 Nxe3
23.fxe3 Ne4 24.Bf4 Bxe5 25.Bxe5 f6 26.Qg4 Rxc1 27.Rxc1 fxe5 28.Bxe4 Bxe4
29.Qxe4 exd4 30.exd4 Qf6 31.Rd1 Rd5 32.h3 a5 33.a4 Qf5 34.Re1 Qxe4 35.Rxe4 Kf7
36.b3 Rf5 37.Re3 Rf4 38.Rd3 Ke7 39.d5 e5 40.d6+ Kd7 41.Rd5 e4 42.Rd4 g5 43.Rd5 Rf6  0-1

[Event "LTU-ch"]
[Site "Vilnius"]
[Date "1995.??.??"]
[Round "7"]
[White "Zukauskas, Kestutis"]
[Black "Linauskas, Dainius"]
[Result "1-0"]
[WhiteElo "2290"]
[BlackElo "2320"]

1.d4 Nf6 2.c4 e6 3.Nf3 Bb4+ 4.Nbd2 d5 5.a3 Be7 6.g3 O-O 7.Bg2 b6 8.O-O Bb7
9.Ne5 c5 10.cxd5 exd5 11.b3 Na6 12.Bb2 Rc8 13.e3 Nc7 14.Rc1 Nb5 15.a4 Nc7
16.dxc5 bxc5 17.Qc2 Ne6 18.Rfd1 Qb6 19.Qb1 Rfd8 20.h3 Ba6 21.Bc3 Rd6 22.e4 Qc7
23.Nxf7 Kxf7 24.e5 Rdd8 25.exf6 gxf6 26.Qxh7+ Ng7 27.Nf3 d4 28.Bxd4 Rd5 29.Ne5+ Rxe5
30.Bxe5 Qxe5 31.Bd5+ Ke8 32.Qxg7  1-0

[Event "SLO-ch"]
[Site "Vrhnika"]
[Date "1995.??.??"]
[Round "?"]
[White "Bukic, Enver"]
[Black "Gostisa, Leon"]
[Result "1-0"]
[WhiteElo "2445"]
[BlackElo "2430"]

1.d4 Nf6 2.c4 e6 3.Nf3 Bb4+ 4.Nbd2 b6 5.a3 Bxd2+ 6.Bxd2 Ne4 7.g3 Nxd2 8.Qxd2 Bb7
9.Bg2 d6 10.O-O Nd7 11.d5 e5 12.e4 O-O 13.b4 a5 14.Rab1 axb4 15.axb4 Nf6
16.Ne1 c6 17.Nd3 b5 18.c5 cxd5 19.cxd6 Qxd6 20.Nc5 Ra7 21.Nxb7 Rxb7 22.exd5 e4
23.Rfe1 Re8 24.Rbc1 Rbe7 25.Rc5 Re5 26.Rxb5 Rxd5 27.Rxd5 Qxd5 28.Qxd5 Nxd5
29.b5 f5 30.Bf1 Nb6 31.f3 Kf7 32.Kf2 Kf6 33.fxe4 Rxe4 34.Rc1 Re6 35.Rc5 g5
36.Bd3 Re5 37.Rc6+ Re6 38.Rxe6+ Kxe6 39.g4 f4 40.Bxh7 Ke5 41.Bd3 Kd4 42.Be2 Nd7
43.h3 Nb6 44.h4 gxh4 45.g5 Ke5 46.Bg4 Nc4 47.Kf3 Nd2+ 48.Kg2 f3+ 49.Bxf3 h3+
50.Kg3 h2 51.Bh1 Nc4 52.Kh4 Kd6 53.g6 Ne3 54.Kg5 Nd5 55.g7 Ne7 56.b6  1-0

[Event "Oberliga Wuert9495"]
[Site "Wuerttemberg"]
[Date "1995.??.??"]
[Round "?"]
[White "Schneider, Frank"]
[Black "Ambroz, Jan"]
[Result "0-1"]
[WhiteElo "2240"]
[BlackElo "2420"]

1.d4 Nf6 2.c4 e6 3.Nf3 Bb4+ 4.Nbd2 b6 5.a3 Bxd2+ 6.Qxd2 Bb7 7.g3 O-O 8.Bg2 a5
9.b3 d6 10.O-O Nbd7 11.Bb2 Qe7 12.b4 Ne4 13.Qc2 f5 14.e3 Ndf6 15.Nd2 Nxd2
16.Qxd2 Bxg2 17.Kxg2 h5 18.f3 Qf7 19.Bc3 axb4 20.axb4 Qg6 21.Ra2 h4 22.Rfa1 Rxa2
23.Qxa2 hxg3 24.hxg3 f4 25.exf4 Nh5 26.Be1 Nxf4+ 27.Kf2 Nh3+ 28.Kg2 Ng5 29.f4 Qe4+  0-1

[Event "RUS-sf"]
[Site "Yaroslavl"]
[Date "1995.??.??"]
[Round "4"]
[White "Purgin, Nikolaj"]
[Black "Kashljak, Anatoli"]
[Result "1/2-1/2"]
[WhiteElo "2300"]
[BlackElo "2330"]

1.d4 Nf6 2.c4 e6 3.Nf3 Bb4+ 4.Nbd2 O-O 5.e3 c5 6.Bd3 b6 7.O-O Bb7 8.a3 Bxd2
9.Bxd2 d6 10.Qe2 Nbd7 11.Bc3 Ne4 12.Bxe4 Bxe4 13.Rad1 Qe7 14.Rd2 Rfd8 15.Rfd1 Rac8
16.dxc5 dxc5 17.Rd6 Nf8 18.Be5 f6 19.Qd2 Re8 20.Bg3 e5 21.Nh4 g6 22.f4 exf4
23.exf4 f5 24.Bf2 Qf7 25.Qc3 Re6 26.R6d2 Qc7 27.Qg3 Qe7 28.Nf3 Bxf3 29.Qxf3 Re4
30.h3 Rxc4 31.Bh4 Qf7 32.Rd6 Re4 33.Bf6 Ne6 34.Be5 Nd4 35.Qf2 Re8 36.Bxd4 cxd4
37.R1xd4 Rxd4 38.Qxd4 Qe7 39.Rd7 Qe3+ 40.Qxe3 Rxe3 41.Rxa7 Rb3 42.a4 Rxb2
43.h4 Ra2 44.Ra6 Kg7 45.Kh2 Kh6 46.Kh3 Ra3+ 47.g3 Ra2 48.Ra7 b5 49.a5 b4
50.h5 b3 51.hxg6 hxg6 52.Ra8 b2 53.Rh8+ Kg7 54.Rb8 Rxa5  1/2-1/2

[Event "EU-ch U18"]
[Site "Zagan"]
[Date "1995.??.??"]
[Round "1"]
[White "Banikas, Hristos"]
[Black "Muningis, Paulius"]
[Result "1/2-1/2"]
[WhiteElo "2375"]
[BlackElo "2095"]

1.d4 Nf6 2.c4 e6 3.Nf3 Bb4+ 4.Nbd2 d5 5.Qc2 O-O 6.a3 Bxd2+ 7.Bxd2 Ne4 8.Rc1 Nc6
9.e3 Re8 10.Bd3 Nxd2 11.Qxd2 dxc4 12.Rxc4 e5 13.dxe5 Be6 14.Rc3 Bd5 15.Bb5 Bxf3
16.Qxd8 Rexd8 17.gxf3 Nxe5 18.f4 c6 19.fxe5 cxb5 20.Rc5 Rac8 21.Rxc8 Rxc8
22.Kd2 Rd8+ 23.Ke2 Rc8 24.Rd1 Kf8 25.Rd2 Ke7 26.f4 g5 27.Kf3 Rc4 28.Kg4 gxf4
29.exf4 b4 30.axb4 Rxb4 31.Rc2 Ke6 32.Kg5 h6+ 33.Kg4 f6 34.exf6 Kxf6 35.Rd2 h5+
36.Kxh5 Rxf4 37.Rd6+ Ke5 38.Rd7 Rf2  1/2-1/2

[Event "Zalakaros op"]
[Site "Zalakaros"]
[Date "1995.??.??"]
[Round "5"]
[White "Lazovic, Gordan"]
[Black "Horvath, Gyula"]
[Result "1/2-1/2"]
[WhiteElo "2335"]
[BlackElo "2455"]

1.d4 e6 2.c4 Bb4+ 3.Nd2 Nf6 4.Nf3 b6 5.a3 Bxd2+ 6.Nxd2 c5 7.dxc5 bxc5 8.e3 Bb7
9.Bd3 O-O 10.O-O Nc6 11.b3 a5 12.Bb2 d6 13.Qc2 Ne5 14.Ne4 Nxe4 15.Bxe4 Bxe4
16.Qxe4 Qc7 17.Rab1 Qc6 18.Qxc6 Nxc6 19.Rfd1 Rfd8 20.Bc3 Rab8 21.Kf1 Kf8
22.Ke2 f6 23.Kd2 Ke7 24.Kc2 Rd7 25.Rd3 Ne5 26.Bxe5 fxe5 27.e4 Rf8 28.f3 Rb7
29.Kc3 g5 30.h3 h5 31.Rbd1 Rb6 32.Rh1 Rfb8 33.Rb1 Kf6 34.a4 Ke7 35.Kc2 Rf8
36.Rh1 Rg8 37.Kc3 Rbb8 38.Rhd1 Rbd8 39.Rh1 Rg7 40.Rhd1 g4 41.hxg4 hxg4 42.Rh1 gxf3
43.gxf3 Rf8 44.Rh3 Rff7 45.Kc2 Rh7 46.Rxh7 Rxh7 47.Kd2 Rh2+ 48.Ke3 Rb2 49.Rc3 Kf7
50.Rd3 Kf6 51.Rc3 Ke7 52.Rd3 Rc2 53.Rd2 Rc1 54.Rd3 Rb1 55.Kf2  1/2-1/2

[Event "Zalakaros op"]
[Site "Zalakaros"]
[Date "1995.??.??"]
[Round "9"]
[White "Csiszar, Csaba"]
[Black "Horvath, Gyula"]
[Result "1/2-1/2"]
[WhiteElo "2380"]
[BlackElo "2455"]

1.d4 Nf6 2.c4 e6 3.Nf3 Bb4+ 4.Nbd2 b6 5.a3 Bxd2+ 6.Qxd2 Bb7 7.g3 O-O 8.Bg2 d6
9.O-O Nbd7 10.b3 Qe7 11.Bb2  1/2-1/2

[Event "Zaragoza op-A"]
[Site "Zaragoza"]
[Date "1995.??.??"]
[Round "5"]
[White "Hillarp Persson, Tiger"]
[Black "Garcia Ilundain, David"]
[Result "0-1"]
[WhiteElo "2395"]
[BlackElo "2485"]

1.d4 Nf6 2.c4 e6 3.Nf3 Bb4+ 4.Nbd2 b6 5.a3 Bxd2+ 6.Bxd2 Bb7 7.Bg5 d6 8.e3 h6
9.Bh4 g5 10.Bg3 Ne4 11.Nd2 Nxg3 12.hxg3 Nd7 13.Qa4 c5 14.dxc5 dxc5 15.Nf3 Qf6
16.O-O-O O-O-O 17.g4 h5 18.Qxa7 hxg4 19.Rxh8 Qxh8 20.Ne1 g3 21.fxg3 Qe5 22.Nc2 Qxg3
23.Rd2 Qb8 24.Qxb8+ Kxb8 25.Be2 Kc7 26.Bf3 Bxf3 27.gxf3 Ne5 28.Rf2 Nd3+  0-1

[Event "Aegina op"]
[Site "Aegina"]
[Date "1996.??.??"]
[Round "2"]
[White "Nenashev, Alexander"]
[Black "Skaperdas, Sotirios"]
[Result "1-0"]
[WhiteElo "2580"]
[BlackElo "2100"]

1.d4 e6 2.c4 Bb4+ 3.Nd2 Nf6 4.Nf3 b6 5.a3 Bxd2+ 6.Bxd2 O-O 7.Bg5 Bb7 8.e3 d6
9.Bd3 h6 10.Bh4 Nbd7 11.O-O g5 12.Bg3 Ne4 13.Nd2 Nxd2 14.Qxd2 f5 15.f3 Qf6
16.b4 f4 17.Bf2 Rad8 18.a4 c5 19.a5 e5 20.d5 Ra8 21.Bc2 Ba6 22.Ba4 Bxc4 23.Bxd7 Bxf1
24.Rxf1 Rab8 25.e4 h5 26.Kh1 Rb7 27.Be6+ Kh8 28.Rg1 h4 29.Qd3 Rfb8 30.Bf5 Qh6
31.Ra1 Kg8 32.Qa6 Kf8 33.bxc5 dxc5 34.Bxc5+ Kg7 35.axb6 axb6 36.Bb4 Qf6 37.Rc1 Qd8
38.d6 Kh8 39.Qb5 Qf6 40.Bc3 Rc8  1-0

[Event "Aegina op"]
[Site "Aegina"]
[Date "1996.??.??"]
[Round "5"]
[White "Grivas, Efstratios"]
[Black "Tzoumbas, Anastasios"]
[Result "1/2-1/2"]
[WhiteElo "2500"]
[BlackElo "2355"]

1.d4 Nf6 2.Nf3 e6 3.c4 Bb4+ 4.Nbd2 O-O 5.g3 b6 6.Bg2 Bb7 7.O-O Bxd2 8.Bxd2 d6
9.Qc2 Nbd7 10.Rad1 Be4 11.Qa4 Qc8 12.Bg5 Qb7 13.Qa3 Rfd8 14.Bh3 h6 15.Be3 b5
16.Nd2 bxc4 17.Nxc4 Qb5 18.Nd2 Bb7 19.Rfe1 Nd5 20.Nf1 Nb4 21.Rc1 Rdc8 22.Bd2 a5
23.Ne3 c5 24.dxc5 Nxc5 25.f3 d5 26.b3 Ra6 27.Bf1 Rac6 28.Qb2 Qb6 29.Kg2 Qd8
30.a3 Nba6 31.b4 axb4 32.axb4 Na4 33.Qa1 Rxc1 34.Rxc1 Rxc1 35.Bxc1 Bc6 36.Nc2 Qb6
37.Be3 Qc7 38.Bd2 Bd7 39.Ne1 Bb5 40.Qd4 Nb6 41.Nd3 Nc4 42.Bf4 Qe7 43.Qc3 f6
44.Bc1 e5 45.Kf2 e4 46.Nf4 Nxb4 47.Qd4 f5 48.Bh3 exf3 49.exf3 g5 50.Nxd5 Qe1+
51.Kxe1 Nc2+ 52.Kf2 Nxd4 53.Ne7+ Kh7 54.Nxf5 Nb3 55.Be3 Bd7 56.Ba7 Nba5 57.Bd4 Nc6
58.Bc3 N4e5 59.Kg2 Kg6 60.Bxe5 Bxf5 61.Bc3 Bxh3+ 62.Kxh3 Kf5 63.g4+  1/2-1/2

[Event "Andorra"]
[Site "Andorra"]
[Date "1996.??.??"]
[Round "8"]
[White "Komljenovic, Davor"]
[Black "Spraggett, Kevin"]
[Result "0-1"]
[WhiteElo "2455"]
[BlackElo "2530"]

1.d4 Nf6 2.c4 e6 3.Nf3 Bb4+ 4.Nbd2 O-O 5.a3 Be7 6.g3 d5 7.Bg2 b6 8.O-O Bb7
9.b4 a5 10.b5 c5 11.dxc5 bxc5 12.e3 Nbd7 13.a4 Nb6 14.Bb2 Ne4 15.cxd5 Nxd2
16.Nxd2 exd5 17.Qh5 Bf6 18.Bxf6 Qxf6 19.e4 g6 20.Qh6 Rfe8 21.exd5 Bxd5 22.Bxd5 Nxd5
23.Qh4 Qxh4 24.gxh4 Re2 25.Nc4 Re4 26.Rfc1 Rg4+ 27.Kf1 Rxh4 28.b6 Rb8 29.Rab1 Nb4
30.Nxa5 Rxb6 31.Rxc5 Ra6 32.Rb3 Rd4 33.Rf3 Rd1+ 34.Kg2 Nd3 35.Rc8+ Kg7 36.Nc4 Ne1+
37.Kg3 Nxf3 38.Kxf3 Ra1  0-1

[Event "RUS-ch sf"]
[Site "Arkhangelsk"]
[Date "1996.??.??"]
[Round "?"]
[White "Purgin, Nikolaj"]
[Black "Timofeev, Vladimir F"]
[Result "0-1"]
[WhiteElo "2310"]
[BlackElo "2280"]

1.d4 Nf6 2.c4 e6 3.Nf3 Bb4+ 4.Nbd2 d5 5.e3 O-O 6.Bd3 b6 7.O-O Nbd7 8.a3 Be7
9.b3 Bb7 10.Bb2 Ne4 11.Qe2 a5 12.Rad1 Bd6 13.Ne5 f5 14.Nxd7 Qxd7 15.f3 Nxd2
16.Rxd2 Qe7 17.a4 Rf6 18.c5 bxc5 19.dxc5 Bxc5 20.Bxf6 Qxf6 21.Kh1 Qe5 22.Rc2 Bxe3
23.f4 Bxf4 24.Qxe5 Bxe5 25.Re1 Bd6 26.Rxe6 Rf8 27.Kg1 g6 28.Kf2 Bc8 29.Rxd6 cxd6
30.Rc6 Rd8 31.Ke3 Bb7 32.Rc2 Rc8 33.Rb2 d4+ 34.Kxd4 Kf7 35.Bc4+ Kf6 36.g3 Re8
37.Bd3 Be4 38.Bc4 Rb8 39.Kc3 Rb4 40.Bb5 Ke5 41.Rd2 d5  0-1

[Event "GRE-chT"]
[Site "Athens"]
[Date "1996.??.??"]
[Round "1"]
[White "Lirindzakis, Timotheos"]
[Black "Pandavos, Emanouel"]
[Result "0-1"]
[WhiteElo "2365"]
[BlackElo "2330"]

1.d4 Nf6 2.c4 e6 3.Nf3 Bb4+ 4.Nbd2 b6 5.a3 Bxd2+ 6.Bxd2 Bb7 7.Bg5 d6 8.e3 h6
9.Bh4 Nbd7 10.Be2 O-O 11.O-O Qe7 12.Nd2 e5 13.Rc1 Rfe8 14.d5 a5 15.b3 g5
16.Bg3 Kg7 17.Qc2 Bc8 18.e4 h5 19.f3 h4 20.Bf2 Nh5 21.Rfe1 Nf4 22.Bf1 Nf6
23.b4 axb4 24.axb4 Bd7 25.Ra1 Rh8 26.Ra2 Rxa2 27.Qxa2 g4 28.Be3 N6h5 29.fxg4 Bxg4
30.c5 bxc5 31.bxc5 Qg5 32.Nc4 Qg6 33.Bc1 Bf3 34.Bxf4 Nxf4 35.cxd6 cxd6 36.Nxd6 Qxd6
37.gxf3 Rh5 38.Kh1 Qc5 39.Qd2 Rg5 40.Qe3 Qd6 41.Rc1 Qb4 42.Rd1 Qa4 43.Be2 Nh3
44.Rf1 Qb4 45.f4 Nxf4 46.Bf3 Rg6 47.Rd1 Kf8 48.Qf2 h3 49.Qh4 Kg7 50.Qf2 Rg2
51.Re1  0-1

[Event "GRE-chT"]
[Site "Athens"]
[Date "1996.??.??"]
[Round "8"]
[White "Grivas, Efstratios"]
[Black "Papaioannou, Ioannis"]
[Result "1-0"]
[WhiteElo "2500"]
[BlackElo "2495"]

1.d4 Nf6 2.c4 e6 3.Nf3 Bb4+ 4.Nbd2 O-O 5.g3 d5 6.Qc2 c5 7.Bg2 cxd4 8.Nxd4 e5
9.Nb3 Bg4 10.cxd5 Nxd5 11.a3 Be7 12.Nc4 Be6 13.Nxe5 Bf6 14.Nd3 Na6 15.O-O Rc8
16.Qd1 Qb6 17.Bd2 Rfe8 18.Nbc1 Ne7 19.Rb1 Ng6 20.Be3 Qb5 21.Bxa7 h5 22.a4 Qd7
23.Be3 b5 24.axb5 Qxb5 25.Ra1 Rc4 26.Bd2 h4 27.Ra5 Qb6 28.Ra4 hxg3 29.hxg3 Nc5
30.Nxc5 Qxc5 31.Nd3 Qb5 32.Ra5 Qb6 33.b4 Bg4 34.Ra8 Rxa8 35.Bxa8 Bd4 36.Bg2 Qd6
37.Qb3 Be6 38.Qa3 Qxg3 39.e3 Qg5 40.f4 Qg3 41.Rf3 Qg4 42.Nf2 Qf5 43.exd4 Nh4
44.Rg3 Qc2 45.Be3 Qe2 46.Qa5 Nxg2 47.Kxg2 Rc3 48.Qe5 g6 49.f5 Bxf5 50.Qe8+  1-0

[Event "POL-chT"]
[Site "Augustow"]
[Date "1996.??.??"]
[Round "?"]
[White "Michalski, Olaf"]
[Black "Mazalon, Mariusz"]
[Result "0-1"]
[WhiteElo "2305"]
[BlackElo "2225"]

1.d4 Nf6 2.c4 e6 3.Nf3 Bb4+ 4.Nbd2 O-O 5.a3 Bxd2+ 6.Bxd2 b6 7.Bg5 Bb7 8.e3 d6
9.Qc2 Nbd7 10.Bd3 h6 11.Bh4 c5 12.O-O Rc8 13.d5 exd5 14.Bf5 g5 15.Bg3 Ne4
16.cxd5 Nxg3 17.fxg3 Rc7 18.e4 Ne5 19.Nxe5 dxe5 20.Qe2 Bc8 21.Qh5 Kg7 22.Rad1 Bxf5
23.Rxf5 f6 24.h4 c4 25.Qf3 Qd6 26.Rf1 b5 27.Qc3 Rff7 28.Kh2 Qb6 29.R5f2 a5
30.h5 b4 31.Qf3 f5 32.exf5 Kf6 33.d6 Qxd6 34.Qa8 Rf8 35.Qxa5 bxa3 36.bxa3 c3
37.Rc2 Qc5 38.Qa6+ Qc6 39.Qa5 Qc4 40.Qb6+ Rc6 41.Qb4 Qxb4 42.axb4 g4 43.b5 Rc5
44.Rb1 Rb8 45.b6 Rb7 46.Kg1 Rc6 47.Kf2 Rbxb6 48.Rxb6 Rxb6 49.Rxc3 Rb2+ 50.Kf1 Kxf5
51.Rc6 Kg5 52.Re6 Rb5 53.Kf2 Kxh5 54.Ke3 Rb3+ 55.Kf2 Rb2+ 56.Ke3 Rb3+ 57.Kf2 Rb5
58.Ke3 Kg5 59.Ke4 Rb4+ 60.Kxe5 Rb3 61.Ke4 Rxg3 62.Re5+ Kh4 63.Kf5 Rxg2 64.Kg6 Rc2
65.Kxh6 Rc6+  0-1

[Event "AUT-chT2O 9697"]
[Site "Austria"]
[Date "1996.??.??"]
[Round "?"]
[White "Koutsin, Sergey"]
[Black "Eisterer, Heinrich"]
[Result "1-0"]
[WhiteElo "2435"]
[BlackElo "2340"]

1.d4 Nf6 2.Nf3 e6 3.c4 Bb4+ 4.Nbd2 b6 5.e3 Bb7 6.Bd3 c5 7.dxc5 bxc5 8.O-O O-O
9.b3 d6 10.Bb2 e5 11.Qc2 Bxd2 12.Nxd2 Nbd7 13.Rfd1 Qe7 14.Ne4 Nxe4 15.Bxe4 Bxe4
16.Qxe4 Nf6 17.Qc6 Rfd8 18.Rd3 Rab8 19.Rad1 Rb6 20.Qa4 Rdb8 21.Bc3 Ne8 22.Qa3 Qb7
23.Qb2 Ra8 24.Ba5 Ra6 25.Qd2 h6 26.Rd5 Rc8 27.f4 Nf6 28.Rxd6 Re8 29.Rd8 Qe7
30.Rxe8+ Qxe8 31.fxe5 Ne4 32.Qd5 Rxa5 33.Qxe4 Rxa2 34.Rd6 Qe7 35.h3 g6 36.Qd5 Qg5
37.Rf6 Qxe3+ 38.Kh2 Kh8 39.Rxf7 Rxg2+ 40.Kxg2 Qe2+  1-0

[Event "AUT-chT2S 9697"]
[Site "Austria"]
[Date "1996.??.??"]
[Round "6"]
[White "Schroecker, Hans Peter"]
[Black "Kornprat, M."]
[Result "1-0"]
[WhiteElo "2220"]
[BlackElo "2040"]

1.d4 Nf6 2.c4 e6 3.Nf3 Bb4+ 4.Nbd2 b6 5.e3 Bb7 6.Bd3 Ne4 7.O-O Nxd2 8.Nxd2 O-O
9.b3 f5 10.Bb2 Qg5 11.Nf3 Qh5 12.d5 Be7 13.Nd4 Qxd1 14.Raxd1 exd5 15.Nxf5 Bf6
16.Bxf6 Rxf6 17.cxd5 Ba6 18.e4 d6 19.f3 Bxd3 20.Rxd3 a5 21.Rc1 Rf7 22.Rdc3 Na6
23.a3 Re8 24.Nd4 g6 25.Rb1 Ree7 26.b4 a4 27.Rbc1 Kg7 28.Nb5 h5 29.h4 Kh6
30.Nd4 Rf6 31.g3 Kh7 32.Kg2 Kg8 33.Nb5 Rff7 34.R3c2 Rg7 35.Nc3 g5 36.hxg5 Rxg5
37.f4 Rg4 38.Kf3 Reg7 39.Rg2 h4 40.Rcg1 hxg3 41.Rxg3 Rxg3+ 42.Rxg3 Rxg3+
43.Kxg3  1-0

[Event "Wch Seniors (Women)"]
[Site "Bad Liebenzell"]
[Date "1996.??.??"]
[Round "?"]
[White "Kozlovskaya, Valentina"]
[Black "Ankerst, Milka"]
[Result "1-0"]
[WhiteElo "2240"]
[BlackElo "2100"]

1.d4 Nf6 2.c4 e6 3.Nf3 Bb4+ 4.Nbd2 O-O 5.e3 d6 6.Be2 Qe7 7.O-O e5 8.a3 Bxd2
9.Nxd2 b6 10.b3 Bb7 11.Bb2 Nbd7 12.Re1 Rfe8 13.Bf1 Nf8 14.f4 exf4 15.exf4 Qd7
16.d5 Qf5 17.Qf3 Ng6 18.g3 Qg4 19.Bxf6 Qxf3 20.Nxf3 gxf6 21.Nd4 a6 22.Kf2 Kf8
23.Bd3 Rxe1 24.Rxe1 Re8 25.h4 Rxe1 26.Kxe1 Ke8 27.h5 Nf8 28.Bf5 Kd8 29.Kd2 Ba8
30.Kc3 Bb7 31.b4 b5 32.cxb5 axb5 33.Be4 f5 34.Nxf5 Nd7 35.Ne3 Nf6 36.Bf3 Bc8
37.Kd4 Bd7 38.Kd3 Ke7 39.Ke2 Kf8 40.Kf2 Bc8 41.g4 Bb7 42.g5 Nd7 43.Be4 Nb6
44.Ke2 h6 45.gxh6 Bc8 46.Kd3 Bd7 47.Kd4 Nc8 48.f5 Nb6 49.f6 Kg8 50.Bd3 Nc8
51.Nd1 Na7 52.Nc3 Kh8 53.Ne4 Bg4 54.Ng5 Bxh5 55.Bf5 Kg8 56.Bd7 Bg6 57.Be8 Bh5
58.Ke3 Bg6 59.Kf4 Bh5 60.Bxf7+ Bxf7 61.Nxf7 Kh7 62.Kg5 Nc8 63.Nd8  1-0

[Event "Berliner Sommer"]
[Site "Berlin"]
[Date "1996.??.??"]
[Round "6"]
[White "Mikhalevski, Alexander"]
[Black "Wahls, Matthias"]
[Result "0-1"]
[WhiteElo "2460"]
[BlackElo "2540"]

1.d4 Nf6 2.c4 e6 3.Nf3 Bb4+ 4.Nbd2 O-O 5.g3 c5 6.a3 Bxd2+ 7.Qxd2 cxd4 8.Bg2 d5
9.cxd5 Qxd5 10.Qxd4 Qb5 11.a4 Qa6 12.b4 Nc6 13.Qh4 b5 14.Bh6 Ne7 15.Bg5 Nf5
16.Qf4 Nd5 17.Qd2 Nd6 18.O-O bxa4 19.Ne5 Nb5 20.Rfc1 f6 21.Bxd5 exd5 22.Rc6 Qb7
23.Qxd5+ Kh8 24.Rac1 fxe5 25.Qxe5 Bh3 26.Bf4 Rac8 27.Qh5 Nd4 28.b5  0-1

[Event "Berliner Sommer"]
[Site "Berlin"]
[Date "1996.??.??"]
[Round "6"]
[White "Muse, Mladen"]
[Black "Kosten, Anthony C"]
[Result "0-1"]
[WhiteElo "2445"]
[BlackElo "2525"]

1.d4 Nf6 2.c4 e6 3.Nf3 Bb4+ 4.Nbd2 b6 5.a3 Bxd2+ 6.Bxd2 Bb7 7.Bg5 d6 8.e3 Nbd7
9.Be2 h6 10.Bh4 Qe7 11.Nd2 e5 12.Bf3 Bxf3 13.Qxf3 O-O 14.O-O e4 15.Qe2 a5
16.b4 Qe6 17.d5 Qf5 18.Nb3 axb4 19.axb4 Ne5 20.Nd4 Qg6 21.Bg3 Nd3 22.Nb5 Rxa1
23.Rxa1 Rc8 24.Rb1 Nh5 25.Qa2 Nxg3 26.hxg3 Ne5 27.Qa6 Rf8 28.c5 Ng4 29.cxd6 cxd6
30.Rc1 Kh7 31.Nc3 Qh5 32.Ne2 Qh2+ 33.Kf1 Qh1+ 34.Ng1 Nh2+ 35.Ke2 Qxg2 36.Qxb6 Ng4
37.Kd2 Qxf2+ 38.Ne2 Ra8 39.Rc2 Ra3  0-1

[Event "Biel op MTO"]
[Site "Biel"]
[Date "1996.??.??"]
[Round "5"]
[White "Kempinski, Robert"]
[Black "Hobuss, Udo"]
[Result "1-0"]
[WhiteElo "2510"]
[BlackElo "2405"]

1.d4 Nf6 2.c4 e6 3.Nf3 Bb4+ 4.Nbd2 b6 5.e3 Bb7 6.Bd3 O-O 7.O-O d5 8.a3 Be7
9.b4 Nbd7 10.c5 a5 11.Bb2 bxc5 12.dxc5 c6 13.Qe2 Qc8 14.Nb3 a4 15.Nbd2 Ba6
16.Rfd1 Bxd3 17.Qxd3 Ne8 18.e4 Qa6 19.Qxa6 Rxa6 20.exd5 exd5 21.Re1 Bd8 22.Ne5 Nxe5
23.Bxe5 Bc7 24.Nf3 Bxe5 25.Rxe5 Nc7 26.Nd4 Re8 27.Rxe8+ Nxe8 28.Re1 Kf8 29.Kf1 Nc7
30.Re3 Ne8 31.Ke2 Nf6 32.f3 g6 33.Kd3 Ng8 34.g4 Ne7 35.f4 Ng8 36.g5 h6 37.h4 hxg5
38.fxg5 Ne7 39.Rf3 Ra8 40.Rf6 Rc8 41.Nf3 Ng8 42.Rd6 Re8 43.Rxc6 Ne7 44.Rf6 Nf5
45.c6 Re3+ 46.Kd2 Rxf3 47.Rxf5  1-0

[Event "Biel op MTO"]
[Site "Biel"]
[Date "1996.??.??"]
[Round "7"]
[White "Kempinski, Robert"]
[Black "Wahls, Matthias"]
[Result "1/2-1/2"]
[WhiteElo "2510"]
[BlackElo "2540"]

1.d4 Nf6 2.c4 e6 3.Nf3 Bb4+ 4.Nbd2 O-O 5.e3 d5 6.a3 Be7 7.Bd3 b6 8.b4 Bb7
9.c5 a5 10.Bb2 axb4 11.axb4 Rxa1 12.Qxa1 Nc6 13.Bc3 Qa8 14.Qxa8 Rxa8 15.b5 Nd8
16.c6 Bc8 17.Ke2 Ra2 18.Ra1 Rxa1 19.Bxa1 Ne8 20.Ne1 f6 21.f4 Nf7 22.Nef3 Ned6
23.Bc3 g6 24.e4 dxe4 25.Nxe4 Nxe4 26.Bxe4 Kg7 27.Bd3 h6 28.g3 Bd6 29.Nd2 g5
30.Ne4 Ba3 31.Kf3 Be7 32.Bb2 Kg8 33.fxg5 hxg5 34.g4 Kg7 35.h3 Kf8 36.Ng3 Nh8
37.Bc3 Kf7 38.Be1 Ng6 39.Bxg6+ Kxg6 40.Ne2 e5 41.dxe5 Be6 42.exf6 Bxf6 43.Bg3 Bc4  1/2-1/2

[Event "SLO-chT"]
[Site "Bled"]
[Date "1996.??.??"]
[Round "1"]
[White "Kozul, Zdenko"]
[Black "Hulak, Krunoslav"]
[Result "1/2-1/2"]
[WhiteElo "2605"]
[BlackElo "2545"]

1.d4 Nf6 2.c4 e6 3.Nf3 Bb4+ 4.Nbd2 b6 5.a3 Bxd2+ 6.Qxd2 Bb7 7.e3 d6 8.Bd3 Nbd7
9.O-O e5 10.Ne1 O-O 11.b3 d5 12.Bb2 Re8 13.Nc2 a5 14.a4 c5 15.Rfd1 Qc7 16.Bf5 Rad8
17.cxd5  1/2-1/2

[Event "Bled op-B"]
[Site "Bled"]
[Date "1996.??.??"]
[Round "3"]
[White "Dezelak, B."]
[Black "Steigenberger, Erich"]
[Result "1-0"]
[WhiteElo "2160"]
[BlackElo "2175"]

1.d4 Nf6 2.c4 e6 3.Nf3 Bb4+ 4.Nbd2 b6 5.a3 Bxd2+ 6.Bxd2 Bb7 7.Bg5 d6 8.Nd2 Nbd7
9.f3 O-O 10.e4 e5 11.d5 Re8 12.Bd3 Nf8 13.Nf1 h6 14.Be3 Ng6 15.g3 Qd7 16.h4 c6
17.h5 Ne7 18.g4 cxd5 19.cxd5 Nh7 20.Qe2 Rec8 21.Ng3 f6 22.Kf2 Ng5 23.Kg2 Rc7
24.Rac1 Rac8 25.Rxc7 Rxc7 26.Rc1 Rxc1 27.Bxc1 Qc7 28.Be3 Nf7 29.Qd2 Ng5 30.Qb4 Nf7
31.Qa4 Qb8 32.Qd7 Kf8 33.Qa4 Bc8 34.Qc2 Bd7 35.Qc4 Qc8 36.Qb4 Qc7 37.Qd2 Qc8
38.Qe2 Qc7 39.Qd1 Qc8 40.Qf1 Ng5 41.Qd1 Nf7 42.Nf1 Ng5 43.Nd2 g6 44.hxg6 Nxg6
45.Kg3 Qe8 46.Nc4 Qe7 47.Bd2 Kg7 48.Qc1 Nf7 49.b3 Nf4 50.Bxf4 exf4+ 51.Qxf4 Ne5
52.Nxe5 Qxe5 53.Qxe5 fxe5 54.Kh4 a5 55.a4 Be8 56.g5 Bd7 57.Bb5 hxg5+ 58.Kxg5 Bh3
59.Kh4 Bc8 60.f4 exf4 61.e5 dxe5 62.d6 e4 63.d7 Bxd7 64.Bxd7 Kf6 65.Kg4 Ke5
66.Bb5 f3 67.Kg3 Kd4 68.Kf4 f2 69.Kg3 e3 70.Kf3 Kc3 71.Kxe3 Kxb3 72.Kxf2 Kb4
73.Ke3 Kc5 74.Ke4 Kd6 75.Kf5 Kc7 76.Ke6 Kc8 77.Kd6 Kb7 78.Kd7 Ka8 79.Kc7  1-0

[Event "SLO-chT"]
[Site "Bled"]
[Date "1996.??.??"]
[Round "6"]
[White "Bukic, Enver"]
[Black "Zupe, Miran"]
[Result "0-1"]
[WhiteElo "2435"]
[BlackElo "2410"]

1.d4 Nf6 2.Nf3 e6 3.c4 Bb4+ 4.Nbd2 d5 5.Qa4+ Nc6 6.a3 Bxd2+ 7.Bxd2 Ne4 8.Rd1 O-O
9.g3 Ne7 10.Bg2 Bd7 11.Qc2 Nxd2 12.Rxd2 Ng6 13.O-O c6 14.e4 dxe4 15.Qxe4 Qc7
16.Rfd1 Rad8 17.h4 Rfe8 18.h5 Nf8 19.h6 Ng6 20.hxg7 Bc8 21.Qe3 Kxg7 22.Ne5 Qe7
23.c5 f6 24.Nc4 Rf8 25.Nd6 Rxd6 26.cxd6 Qxd6 27.Qc3 a6 28.Qc5 Qd8 29.Bf3 Rf7
30.Kg2 f5 31.Qc3 Qf6 32.Rh1 Rd7 33.Qe3 Kg8 34.Qh6 Rg7 35.Bh5 Qe7 36.Bxg6 Rxg6
37.Qf4 Qd8 38.f3 Rg7 39.Rh5 Bd7 40.Qd6 Qe7 41.Qxe7 Rxe7 42.Kf2 Rg7 43.Rh3 Be8
44.Ke3 Bg6 45.Kf4 Rd7 46.Rhh2 Kf7 47.Rhe2 Kf6 48.Re5 Rd6 49.Ra5 h5 50.Ke3 Ke7
51.Rh2 Rd8 52.Rh4 Kd6 53.Kf4 Rg8 54.Rh3 Be8 55.b4 Rg7 56.Rc5 Rg8 57.Rh4 Rf8
58.a4 Rg8 59.Rh3 Rg7 60.Rh2 Rg8 61.b5 cxb5 62.axb5 Bxb5 63.Rxh5 Bc6 64.Rh7 Rf8
65.Rg7 Ra8 66.g4 fxg4 67.fxg4 a5 68.g5 a4 69.g6 a3 70.Rc1 a2 71.Ra1 b5 72.Rf7 b4
73.g7 b3 74.Rf8 b2 75.g8=Q bxa1=Q 76.Rd8+ Kc7  0-1

[Event "GER-chT Federal Cup (Women)"]
[Site "Braunfels"]
[Date "1996.??.??"]
[Round "?"]
[White "Gruenenwald, Evi"]
[Black "Niessen, Helga"]
[Result "0-1"]
[WhiteElo "2055"]
[BlackElo "2105"]

1.d4 Nf6 2.c4 e6 3.Nf3 Bb4+ 4.Nbd2 b6 5.g3 Bb7 6.Bg2 O-O 7.O-O d5 8.Ne5 Nbd7
9.Ndf3 Bd6 10.Bg5 h6 11.Nxd7 Qxd7 12.Bxf6 gxf6 13.Qc1 Kg7 14.c5 Be7 15.Qc2 Rfc8
16.Rac1 Bc6 17.Rfd1 a5 18.Ne1 bxc5 19.dxc5 e5 20.Be4 Rcb8 21.Bf5 Qd8 22.e4 d4
23.Qe2 Qg8 24.b3 Kf8 25.Qd2 Qg5 26.f4 Qh5 27.g4 Qh3 28.Ng2 Bb5 29.Qf2 Ke8
30.c6 Ba3 31.Bd7+ Kf8 32.Rc2 exf4 33.Nxf4 Qe3 34.Rxd4 Qxf2+ 35.Kxf2 a4 36.Nd5 axb3
37.axb3 Bd6 38.h3 Ra1 39.b4 Rh1 40.Rdd2 Be5 41.Kg2 Rh2+ 42.Kg1 Rxh3 43.Bf5 Ra8
44.Ra2 Raa3 45.Rxa3 Rxa3 46.Kf2 Bxc6 47.Rc2 Ba4 48.Rxc7 Bxc7 49.Nxc7 Rb3
50.Nd5 Kg7 51.Ke2 Bc6 52.Kf2 Bxd5 53.exd5 Rxb4 54.d6 Rd4 55.d7 Kf8 56.Ke3 Rd6
57.Kf4 Ke7 58.Kg3 Re6 59.Kh4 Re3 60.d8=Q+ Kxd8 61.Bh7 Ke7 62.Bf5 Kd6 63.Bc8 Ke5
64.Bd7 Kf4 65.Bc8 Rc3 66.Bb7 Rg3 67.Bc8 Rg1 68.Kh3 Rh1+ 69.Kg2 Rh4 70.Bd7 Rxg4+
71.Kh3 f5 72.Be8 f6 73.Bf7 Kg5 74.Be6 h5 75.Bd7 f4 76.Bc6 Rg3+ 77.Kh2 h4  0-1

[Event "Budapest FS02 GM"]
[Site "Budapest"]
[Date "1996.??.??"]
[Round "10"]
[White "Shariyazdanov, Andrey"]
[Black "Macieja, Bartlomiej"]
[Result "1/2-1/2"]
[WhiteElo "2480"]
[BlackElo "2430"]

1.d4 Nf6 2.c4 e6 3.Nf3 Bb4+ 4.Nbd2 b6 5.e3 Bb7 6.Bd3 O-O 7.O-O c5 8.dxc5 Bxc5
9.a3 a5 10.b3 d5 11.Bb2 dxc4 12.Nxc4 Nbd7 13.Qe2 Ne4 14.Rfd1 Qe7 15.Nd4 Nd6
16.Nxd6 Bxd6 17.Nb5 Bb8 18.Qh5 g6 19.Qh6 Be5 20.Bxe5 Nxe5 21.Be2 Rfd8 22.Qf4 f6
23.Rac1 Rxd1+  1/2-1/2